Probabilistic Machine Learning (Record no. 1308290)

MARC details
000 -LEADER
fixed length control field 01201nam a2200217 4500
005 - DATE AND TIME OF LATEST TRANSACTION
control field 20250329134638.0
008 - FIXED-LENGTH DATA ELEMENTS--GENERAL INFORMATION
fixed length control field 250329b |||||||| |||| 00| 0 eng d
020 ## - INTERNATIONAL STANDARD BOOK NUMBER
International Standard Book Number 9780262048439
037 ## - SOURCE OF ACQUISITION
Terms of availability Textual
040 ## - CATALOGING SOURCE
Original cataloging agency RTL
Transcribing agency RTL
084 ## - COLON CLASSIFICATION NUMBER
Classification number D6,9(B) R3
Assigning agency RTL
100 ## - MAIN ENTRY--PERSONAL NAME
Personal name Murphy, Kevin P.
9 (RLIN) 29210
245 ## - TITLE STATEMENT
Title Probabilistic Machine Learning
260 ## - PUBLICATION, DISTRIBUTION, ETC.
Place of publication, distribution, etc. London
Name of publisher, distributor, etc. The MIT Press
Date of publication, distribution, etc. 2023
300 ## - PHYSICAL DESCRIPTION
Extent xxviii, 1319p.
Other physical details Includes index and bibliography
520 ## - SUMMARY, ETC.
Summary, etc. This book offers a detailed and up-to-date introduction to machine learning (including deep learning) through the unifying lens of probabilistic modeling and Bayesian decision theory. The book covers mathematical background (including linear algebra and optimization), basic supervised learning (including linear and logistic regression and deep neural networks), as well as more advanced topics (including transfer learning and unsupervised learning). End-of-chapter exercises allow students to apply what they have learned, and an appendix covers notation.
650 ## - SUBJECT ADDED ENTRY--TOPICAL TERM
Topical term or geographic name entry element Machine learning
9 (RLIN) 480917
650 ## - SUBJECT ADDED ENTRY--TOPICAL TERM
Topical term or geographic name entry element Information theory
9 (RLIN) 734016
650 ## - SUBJECT ADDED ENTRY--TOPICAL TERM
Topical term or geographic name entry element Probabilities
942 ## - ADDED ENTRY ELEMENTS (KOHA)
Source of classification or shelving scheme Colon Classification (CC)
Suppress in OPAC No
Koha item type Textbook
Classification part D6,9(B) R3
Holdings
Withdrawn status Lost status Source of classification or shelving scheme Damaged status Not for loan Home library Current library Date acquired Total Checkouts Full call number Barcode Date last seen Date last checked out Price effective from Koha item type
    Colon Classification (CC)     Ratan Tata Library Ratan Tata Library 2025-03-29 1 D6,9(B) R3 RT1528399 2025-08-12 2025-08-01 2025-03-29 Textbook
Copyright @ Delhi University Library System